000 00947nam a2200193Ia 4500
003 GCL
008 140319s9999 xx 000 0 ara d
040 _aGCL /
_cGCL
082 0 4 _a338.9
_bم ت
100 1 _aمركز الدراسات العربى الاوربى
245 1 0 _aالتحديات الاقتصادية للعالم العربى فى مواجهة التكتلات الدولية: اعمال المؤتمر الدولى الثالث الذى نظمه مركز الدراسات العربى - الاوروبى من 9الى 11\1\95 فى دبى /
_cمركز الدراسات العربى الاوربى
300 _a557 ص
490 _aالهيئة العامة للاستعلامات
_v0
650 0 4 _aالتكتلات الاقتصادية
650 0 4 _aالنفط?, العالم العربى
650 0 4 _aالخصخصه , العالم العربى
650 0 4 _aالاستثمار , العالم العربى
942 _2ddc
_cBK
999 _c48430
_d48430